| 000 | 01175cam a2200313 a 4500 | ||
|---|---|---|---|
| 001 | 17246363 | ||
| 005 | 20221011111537.0 | ||
| 008 | 120407s2012 ne b 001 0 eng | ||
| 010 | _a 2012382264 | ||
| 020 | _a9789041138828 (pbk.) | ||
| 020 | _a904113882X (pbk.) | ||
| 040 |
_aDLC _cDLC |
||
| 042 | _apcc | ||
| 043 | _aa-pk--- | ||
| 050 | 0 | 0 |
_aKPL1034 _b.A975 |
| 082 |
_a343.5491092 _bARI |
||
| 100 | 1 |
_aArif, Muhammad. _999803 |
|
| 245 | 1 | 0 |
_aEnergy law in Pakistan / _cMuhammad Arif, Sohaib Qadar, Shahid Mahmood. |
| 260 |
_aAlphen aan den Rijn : _bKluwer Law International ; _aFrederick, MD : _bSold and distributed in North, Central and South America by: Aspen Publishers, _cc2012. |
||
| 300 |
_a382 p. ; _c24 cm. |
||
| 504 | _aIncludes bibliographical references and index. | ||
| 650 | 0 |
_aPower resources _xLaw and legislation _zPakistan. _999804 |
|
| 650 | 0 |
_aEnergy industries _xLaw and legislation _zPakistan. _999805 |
|
| 700 | 1 |
_aQadar, Sohaib. _999806 |
|
| 700 | 1 |
_aMahmood, Shahid. _915363 |
|
| 906 |
_a7 _bcbc _corigres _d2 _encip _f20 _gy-gencatlg |
||
| 942 |
_2ddc _cBK |
||
| 999 |
_c591664 _d591664 |
||